Normal view MARC view

Entry Personal Name

Number of records used in: 1

001 - CONTROL NUMBER

  • control field: 10011

003 - CONTROL NUMBER IDENTIFIER

  • control field: DLC

005 - DATE AND TIME OF LATEST TRANSACTION

  • control field: 20231204153640.0

008 - FIXED-LENGTH DATA ELEMENTS

  • fixed length control field: 940328n| azannaab |a aaa

010 ## - LIBRARY OF CONGRESS CONTROL NUMBER

  • LC control number: n 89298885

040 ## - CATALOGING SOURCE

  • Original cataloging agency: DLC
  • Language of cataloging: eng
  • Description conventions: rda
  • Transcribing agency: DLC
  • Modifying agency: DLC

046 ## - SPECIAL CODED DATES

  • Birth date: 1933
  • Source of date scheme: edtf

100 1# - HEADING--PERSONAL NAME

  • Personal name: Dubey, Muchkund

370 ## - ASSOCIATED PLACE

  • Place of residence/headquarters: New Delhi (India)
  • Source of term: naf

371 ## - ADDRESS

  • Electronic mail address: csdnd@del2.vsnl.net.in

372 ## - FIELD OF ACTIVITY

  • Field of activity: International relations
  • Source of term: lcsh

373 ## - ASSOCIATED GROUP

  • Associated group: Council for Social Development (India)
  • Source of term: naf

374 ## - OCCUPATION

  • Occupation: Presidents
  • Occupation: Diplomats
  • Source of term: lcsh

375 ## - GENDER

  • Gender: Males
  • Source of term: lcdgt

377 ## - ASSOCIATED LANGUAGE

  • Language code: eng

400 0# - SEE FROM TRACING--PERSONAL NAME

  • Personal name: Muchkund Dubey

400 1# - SEE FROM TRACING--PERSONAL NAME

  • Personal name: Dūbe, Mucakunda

670 ## - SOURCE DATA FOUND

  • Source citation: Communal revivalism in India, c1994:
  • Information found: t.p. (Prof. Muchkund Dubey) jkt. (Jawaharlal Nehru U. and honorary dir. of the Council for Soc. Development)

670 ## - SOURCE DATA FOUND

  • Source citation: Building a just world, 2015:
  • Information found: t.p. (Muchkund Dubey) jkt. (diplomat and public intellectual)

670 ## - SOURCE DATA FOUND

  • Source citation: CSD, WWW site viewed on September 19, 2015
  • Information found: (Professor Muchkund Dubey, formerly served in the Indian Foreign Service and was a professor in International relations at Jawaharlal Nehru University, Delhi, currently president of Council for Social Development, New Delhi, India; email: csdnd@del2.vsnl.net.in)
  • Uniform Resource Identifier: http://csdindia.org/our-people/faculty

670 ## - SOURCE DATA FOUND

  • Source citation: Lālana Śāha Phakīra ke gīta, 2017:
  • Information found: t.p. (Mucakunda Dūbe) t.p. verso (Muchkund Dubey) back jkt. flap (b. 1933)

Powered by Koha